| 000 | 00610nam a2200205Ia 4500 | ||
|---|---|---|---|
| 003 | GCL | ||
| 008 | 140319s9999 xx 000 0 ara d | ||
| 040 |
_aGCL / _cGCL |
||
| 082 | 0 | 4 |
_a658.31 _bم م |
| 245 | 1 | 0 | _aمهارات المدرب: TRAINER SKILLS كيف تطور اداء الاخرين |
| 300 | _a162 ص | ||
| 490 |
_aمهارات تطوير الاداء _v0 |
||
| 650 | 0 | 4 | _aادارة الاعمال |
| 650 | 0 | 4 | _aادارة الافراد |
| 650 | 0 | 4 | _aالقيادة الادارية |
| 650 | 0 | 4 | _aالقيادة |
| 650 | 0 | 4 | _aالتدريب |
| 650 | 0 | 4 | _aالمديرون |
| 942 |
_2ddc _cBK |
||
| 999 |
_c49682 _d49682 |
||